Pokemon Moves Starting with the Letter G - Statistics

General Stats
  • This quiz has been taken 140 times
    106 since last reset
  • The average score is 23 of 28
Answer Stats
Type Phys/Spec/Status Special Effects Answer % Correct
Grass Special User receives 1/2 damage given as recovery HP Giga Drain
96%
Grass Status Heals all pokemon each turn and powers up grass moves Grassy Terrain
96%
Normal Physical User cannot move on next turn Giga Impact
92%
Steel Physical Cannot be used twice in a row. Signature of Tinkaton Gigaton Hammer
92%
Normal Status Paralyzes foe Glare
92%
Grass Status Does more damage the heavier the foe is Grass Knot
92%
Grass Special Does more damage if certain water move is used first Grass Pledge
91%
Psychic Status Negates flight and levitate ability Gravity
91%
Grass Status Puts foe to sleep Grass Whistle
89%
Normal Status Lower foe Atk Growl
89%
Normal Physical One Hit KO move Guillotine
87%
Poison Physical May poison foe Gunk Shot
85%
Poison Status Negate targets ability Gastro Acid
83%
Grass Physical Increased Priority if Grassy Terrain up Grassy Glide
83%
Ghost Status Depletes PP of move that KO'd the user Grudge
83%
Steel Physical Has more power if user is slower than target Gyro Ball
83%
Ice Special Lowers foe Speed Glaciate
79%
Psychic Status Switches the Def. and Spec. Def. stats of user and target Guard Swap
79%
Fairy Status Raises users Spec. Atk, Spec. Def, and Speed on next turn Geomancy
77%
Ice Special Signature of Ice Rider Calyrex Glacial Lance
72%
Dragon Physical After use, user takes double damage and cannot dodge attacks. Signature of Baxcalibur Glaive Rush
72%
Grass Physical Lowers foe Defense. Signature of Flapple. Grav Apple
72%
Normal Status Raises users Atk and Spec. Atk Growth
72%
Steel Physical Hits 2 times Gear Grind
70%
Psychic Status Averages the Def. and Spec. Def. stats of user and target Guard Split
70%
Flying Special N/A Gust
70%
Steel Status Raises Atk. and Sp. Atk. of allies with Plus/Minus by 1 stage Gear Up
57%
Psychic Special Sets up Light Screen after use. Signature of Partner Eevee Glitzy Glow
55%
No matching quizzes found
Score Distribution
Percent of People with Each Score
Percentile by Number Answered
Your Score History
You have not taken this quiz since the last reset